[Event "Titled Tuesday intern op 02nd Nov"]
[Site "Chess.com INT"]
[Date "2021.11.02"]
[Round "5"]
[White "Bashirli, Saadat"]
[Black "Scherbinin, Kirill"]
[Result "0-1"]
[WhiteElo "1284"]
[BlackElo "2168"]
[PlyCount "110"]
[EventDate "2021.11.02"]
[EventType "swiss (blitz)"]
[EventRounds "11"]
[EventCountry "USA"]
[SourceTitle "CBM 205 Extra"]
[Source "ChessBase"]
[SourceDate "2022.01.31"]
[SourceVersion "1"]
[SourceVersionDate "2022.01.31"]
[SourceQuality "1"]

1. e4 c5 2. Nf3 e6 3. c4 Nc6 4. Nc3 Nf6 5. d4 cxd4 6. Nxd4 Bb4 7. Nxc6 bxc6 8. Qc2 e5 9. Bd3 0-0 10. 0-0 h6 11. Be3 d6 12. a3 Ba5 13. b4 Bb6 14. Bxb6 axb6 15. Qe2 Qc7 16. Rfd1 Rd8 17. f3 Be6 18. Qb2 Kf8 19. a4 Rdb8 20. b5 c5 21. Nd5 Bxd5 22. exd5 Qd7 23. Qc2 g6 24. Qd2 Kg7 25. Qe3 Ra7 26. f4 Ng4 27. Qf3 exf4 28. Qxf4 Ne5 29. Be2 Rba8 30. Qe3 Rxa4 31. Rac1 Ra3 32. Qf2 Ra2 33. Qf1 Qe7 34. Bf3 Qg5 35. Re1 Rb2 36. Kh1 Raa2 37. Re2 Rxe2 38. Bxe2 Rxe2 39. Ra1 Qe3 40. h3 Nxc4 41. Rd1 Ne5 42. Rc1 c4 43. Rb1 c3 44. Rc1 c2 45. Ra1 Rd2 46. Rc1 Qd4 47. Qe1 Rd1 48. Rxd1 cxd1Q 49. Qxd1 Qxd1+ 50. Kh2 Qxd5 51. g3 Qxb5 52. g4 Qe2+ 53. Kg3 Qf3+ 54. Kh4 g5+ 55. Kh5 Qxh3# 0-1

[Event "Titled Tuesday intern op 19th Oct"]
[Site "Chess.com INT"]
[Date "2021.10.19"]
[Round "2"]
[White "Cramling Bellon, Anna"]
[Black "Scherbinin, Kirill"]
[Result "0-1"]
[WhiteElo "2035"]
[BlackElo "2168"]
[PlyCount "128"]
[EventDate "2021.10.19"]
[EventType "swiss (blitz)"]
[EventRounds "11"]
[EventCountry "USA"]
[SourceTitle "CBM 204 Extra"]
[Source "ChessBase"]
[SourceDate "2021.11.30"]
[SourceVersion "1"]
[SourceVersionDate "2021.11.30"]
[SourceQuality "1"]

1. d4 d5 2. c4 e6 3. Nc3 Nf6 4. cxd5 exd5 5. Bg5 c6 6. e3 Be7 7. Bd3 Nbd7 8. Nf3 Nf8 9. Ne5 Ne6 10. Bh4 g6 11. 0-0 Ng7 12. f4 Bf5 13. Rc1 Bxd3 14. Qxd3 Nf5 15. Bf2 Nd6 16. Rfe1 0-0 17. Bh4 Nfe4 18. Bxe7 Qxe7 19. Nxe4 Nxe4 20. a3 a5 21. Qe2 f6 22. Nd3 a4 23. f5 g5 24. Qg4 Rf7 25. Nf4 Nd6 26. Ne6 h5 27. Qxh5 Nxf5 28. Qg6+ Ng7 29. Nc5 f5 30. Nd3 Qf6 31. Qxf6 Rxf6 32. Ne5 Ra5 33. Kf2 Rb5 34. Rc2 f4 35. exf4 Rxf4+ 36. Nf3 g4 37. Kg3 Nh5+ 38. Kh4 gxf3+ 39. Kxh5 fxg2 40. Rxg2+ Kf7 41. Reg1 Rxd4 42. Rg7+ Ke6 43. R1g6+ Kf5 44. Rg5+ Ke4 45. Re7+ Kd3 46. Rgg7 Rxb2 47. Rxb7 Rxh2+ 48. Kg6 Rg4+ 49. Kf6 Rxg7 50. Rxg7 c5 51. Ra7 Rh4 52. Ke5 Rd4 53. Ra5 Kc4 54. Rxa4+ Kc3 55. Ra5 Kc4 56. a4 Re4+ 57. Kd6 Re1 58. Ra8 d4 59. Rc8 d3 60. Rxc5+ Kb4 61. a5 d2 62. Rd5 d1Q 63. Rxd1 Rxd1+ 64. Kc6 Kxa5 0-1

[Event "Titled Tuesday intern op 07th Sept"]
[Site "Chess.com INT"]
[Date "2021.09.07"]
[Round "4"]
[White "Scherbinin, Kirill"]
[Black "Khoroshev, Nikita"]
[Result "0-1"]
[WhiteElo "2168"]
[BlackElo "2332"]
[PlyCount "60"]
[EventDate "2021.09.07"]
[EventType "swiss (blitz)"]
[EventRounds "11"]
[EventCountry "USA"]
[SourceTitle "EXT 2022"]
[Source "ChessBase"]
[SourceDate "2021.10.06"]
[SourceVersion "1"]
[SourceVersionDate "2021.10.06"]
[SourceQuality "1"]

1. e4 e5 2. Nc3 Nc6 3. Bc4 Nf6 4. d3 Bb4 5. Nge2 d5 6. exd5 Nxd5 7. Bxd5 Qxd5 8. 0-0 Qd8 9. f4 0-0 10. f5 f6 11. Ne4 Ne7 12. N2g3 Ba5 13. Kh1 Bb6 14. Qg4 Kh8 15. Qh4 Qe8 16. Bd2 Bd7 17. Rf3 Qf7 18. b3 a5 19. a4 Bd4 20. Raf1 b5 21. axb5 a4 22. bxa4 Qa2 23. c3 Bb6 24. Nh5 Nxf5 25. Rxf5 Bxf5 26. Rxf5 Qb1+ 27. Be1 Qxd3 28. Nhg3 Kg8 29. Rh5 Qe3 30. Bf2 Qc1+ 0-1

[Event "Titled Tuesday intern op 07th Sept"]
[Site "Chess.com INT"]
[Date "2021.09.07"]
[Round "1"]
[White "Scherbinin, Kirill"]
[Black "Kwon, Sehyun"]
[Result "1-0"]
[WhiteElo "2168"]
[BlackElo "2195"]
[PlyCount "79"]
[EventDate "2021.09.07"]
[EventType "swiss (blitz)"]
[EventRounds "11"]
[EventCountry "USA"]
[SourceTitle "EXT 2022"]
[Source "ChessBase"]
[SourceDate "2021.10.06"]
[SourceVersion "1"]
[SourceVersionDate "2021.10.06"]
[SourceQuality "1"]

1. e4 c5 2. Nf3 g6 3. Nc3 Bg7 4. d4 cxd4 5. Nxd4 Nc6 6. Be3 Nf6 7. Bc4 0-0 8. Bb3 a6 9. Qd2 Qc7 10. f3 b5 11. 0-0-0 Bb7 12. h4 h5 13. Kb1 e6 14. Nxc6 Bxc6 15. Bc5 Rfe8 16. Bd6 Qb7 17. Ne2 a5 18. c3 Nxe4 19. fxe4 Bxe4+ 20. Bc2 Bxg2 21. Rhg1 Be4 22. Ng3 Bxc2+ 23. Qxc2 Kh8 24. Qe4 Qxe4+ 25. Nxe4 Rec8 26. Ng5 Kg8 27. Ne4 Rc6 28. Rd3 Rac8 29. Rf1 Kh7 30. Ng5+ Kg8 31. Nxf7 Bf8 32. Bxf8 Rxf8 33. Nh6+ Kg7 34. Rxd7+ Kxh6 35. Rxf8 g5 36. Rh8+ Kg6 37. Rg8+ Kf6 38. hxg5+ Kf5 39. g6 Kf6 40. g7 1-0

[Event "Titled Tuesday intern op 08th June"]
[Site "Chess.com INT"]
[Date "2021.06.08"]
[Round "1"]
[White "Ivanov, Mike"]
[Black "Scherbinin, Kirill"]
[Result "0-1"]
[WhiteElo "2195"]
[BlackElo "2168"]
[PlyCount "86"]
[EventDate "2021.06.08"]
[EventType "swiss (blitz)"]
[EventRounds "11"]
[EventCountry "USA"]
[SourceTitle "CBM 202 Extra"]
[Source "ChessBase"]
[SourceDate "2021.07.31"]
[SourceVersion "1"]
[SourceVersionDate "2021.07.31"]
[SourceQuality "1"]

1. e4 c5 2. Nf3 e6 3. c3 d5 4. e5 Nc6 5. d4 f5 6. a3 Bd7 7. b4 cxd4 8. cxd4 Nge7 9. Nc3 Nc8 10. Na4 a5 11. b5 N6a7 12. Rb1 Nb6 13. Nc5 Rb8 14. a4 Nac8 15. Bd3 Be7 16. Bd2 Nc4 17. Bxc4 dxc4 18. Nxd7 Qxd7 19. Bxa5 0-0 20. 0-0 Ra8 21. Bb4 Nb6 22. a5 Nd5 23. Bxe7 Qxe7 24. Qc2 c3 25. Ra1 Ra7 26. Ra4 Rfa8 27. Rfa1 h6 28. h4 Qd7 29. Qb3 Kh7 30. a6 b6 31. g3 Rc8 32. Rc4 Qd8 33. Rxc8 Qxc8 34. Ne1 g5 35. hxg5 hxg5 36. Rc1 Kg6 37. Nd3 Qa8 38. Kf1 Rh7 39. Ke2 Nc7 40. Kd1 Qf3+ 41. Kc2 Qe2+ 42. Kxc3 Nd5+ 43. Kc4 Rc7# 0-1

[Event "Titled Tuesday intern op 06th Oct"]
[Site "Chess.com INT"]
[Date "2020.10.06"]
[Round "6"]
[White "Costachi, Mihnea"]
[Black "Scherbinin, Kirill"]
[Result "1/2-1/2"]
[WhiteElo "2471"]
[BlackElo "2168"]
[PlyCount "100"]
[EventDate "2020.10.06"]
[EventType "swiss (blitz)"]
[EventRounds "10"]
[EventCountry "USA"]
[SourceTitle "CBM 198 Extra"]
[Source "ChessBase"]
[SourceDate "2020.11.30"]
[SourceVersion "1"]
[SourceVersionDate "2020.11.30"]
[SourceQuality "1"]

1. Nf3 d5 2. c4 e6 3. cxd5 exd5 4. g3 c6 5. Bg2 Nf6 6. 0-0 Be7 7. b3 0-0 8. Bb2 Re8 9. d3 Bg4 10. h3 Bh5 11. g4 Bg6 12. Ne5 Nbd7 13. Nxg6 hxg6 14. Nd2 Qa5 15. Nf3 Ba3 16. Bxa3 Qxa3 17. Re1 Rad8 18. Qc2 Ne5 19. Nxe5 Rxe5 20. e4 dxe4 21. dxe4 Rc5 22. Qe2 Qb4 23. Rad1 Rxd1 24. Rxd1 Qc3 25. f4 g5 26. e5 Nd5 27. Bxd5 Rxd5 28. Rxd5 cxd5 29. fxg5 Qc1+ 30. Kg2 Qxg5 31. e6 fxe6 32. Qxe6+ Kh7 33. Kf3 Qd2 34. Qf5+ Kg8 35. Qc8+ Kh7 36. Qxb7 Qd3+ 37. Kf4 Qd4+ 38. Kf5 Qe4+ 39. Kg5 Qe5+ 40. Kh4 Qe1+ 41. Kh5 Qe5+ 42. g5 Qe2+ 43. Kh4 Qe4+ 44. Kg3 Qe3+ 45. Kg4 Qe4+ 46. Kg3 Qe3+ 47. Kg2 Qe2+ 48. Kg1 Qe1+ 49. Kg2 Qe2+ 50. Kg3 Qe3+ 1/2-1/2

[Event "Titled Tuesday intern op 9th June"]
[Site "Chess.com INT"]
[Date "2020.06.09"]
[Round "3"]
[White "Scherbinin, Kirill"]
[Black "Gahan, MG."]
[Result "0-1"]
[WhiteElo "2168"]
[BlackElo "2229"]
[PlyCount "100"]
[EventDate "2020.06.09"]
[EventType "swiss (blitz)"]
[EventRounds "10"]
[EventCountry "USA"]
[SourceTitle "CBM 196 Extra"]
[Source "ChessBase"]
[SourceDate "2020.07.31"]
[SourceVersion "1"]
[SourceVersionDate "2020.07.31"]
[SourceQuality "1"]

1. e4 c5 2. Nf3 e6 3. Nc3 a6 4. d4 cxd4 5. Nxd4 b5 6. g3 Bb7 7. Bg2 Qc7 8. 0-0 Nf6 9. Re1 d6 10. f4 Nbd7 11. a3 Be7 12. e5 dxe5 13. fxe5 Nxe5 14. Bf4 Bxg2 15. Bxe5 Qb7 16. Qe2 Bh3 17. Nf3 Bg4 18. Kg2 0-0 19. h3 Bf5 20. g4 Bg6 21. Rad1 Rfd8 22. Rxd8+ Rxd8 23. Rd1 Nd5 24. Nxd5 Rxd5 25. Rxd5 Qxd5 26. c3 Be4 27. Bd4 Bd6 28. Kf2 h6 29. Nd2 Bg6 30. Qf3 Qxf3+ 31. Nxf3 f6 32. Be3 Kf7 33. Nd4 Be4 34. Nb3 g5 35. Nc5 Bxc5 36. Bxc5 a5 37. Bb6 a4 38. Kg3 e5 39. Bc5 Bg6 40. Kf3 Ke6 41. Bf8 h5 42. Bc5 h4 43. Bf8 f5 44. Bh6 Kf6 45. Bf8 e4+ 46. Ke2 f4 47. Bc5 e3 48. Kf3 Bc2 49. Ba7 Bd1+ 50. Kg2 Ke5 0-1